| 000 | 00480nam a22001817a 4500 | ||
|---|---|---|---|
| 005 | 20260116164954.0 | ||
| 008 | 260116b |||||||| |||| 00| 0 eng d | ||
| 020 |
_a9789351432548 _c750.00 |
||
| 040 | _aMAIN | ||
| 041 | _aEnglish | ||
| 082 |
_a005.8 _bRAS |
||
| 100 |
_aRastogi, Anirudh _925962 |
||
| 245 |
_aCyber law _b: Law of Information Technology And Internet |
||
| 260 |
_aHaryana _bLexis Lexis _c2025 |
||
| 300 | _a395 | ||
| 650 | _aComputer Science | ||
| 942 | _cBK | ||
| 999 |
_c59999 _d59999 |
||